E - Things that start with the letter 'E' - Statistics

General Stats
  • This quiz has been taken 502 times
  • The average score is 13 of 20
Answer Stats
Hint Answer % Correct
The time between afternoon and night Evening
94%
The _____ has landed - Neil Armstrong Eagle
90%
_________ Taylor was married eight times to seven husbands Elizabeth
87%
Developed the first long lasting, practical light bulb Edison
86%
Tradionally this wood was used to make the black keys of a piano Ebony
84%
"A species is _______ when the last existing member dies." Extinct
84%
"_____ has left the building." Elvis
83%
A speech in praise of the deceased at a funeral Eulogy
82%
Land of Cheops Pyramid Egypt
76%
The time zone of New York Eastern
73%
The practice of intentionally ending a life to reliev pain and suffering Euthanasia
70%
Condition caused by abnormal electrical activity in the brain Epilepsy
64%
In the film industry these are used for crowd scenes Extras
64%
Fifth letter of the Greek alphabet Epsilon
62%
Type of seal Elephant
40%
Phonetic alphabet for 'E' Echo
35%
The racecourse where the English Derby is run Epsom
30%
Nicknamed the Emerald City in Oregon Eugene
25%
Sartre's philosophy Existentialism
23%
Closed type of conic section Ellipse
8%
No matching quizzes found
Score Distribution
Percent of People with Each Score
Percentile by Number Answered
Your Score History
You have not taken this quiz